| 000 | 01613cam a22001814a 4500 | ||
|---|---|---|---|
| 005 | 20250605164343.0 | ||
| 008 | 250528s ||||||||||||||||||||||||d | ||
| 035 | _a23734 | ||
| 040 |
_aGR-AtMCL _bgre _dGR-AtMCL _eAACR2 |
||
| 245 | 1 | _aΗ Χρηματοδοτική Μίσθωση Leasing | |
| 260 | _c2012 | ||
| 300 | _a25 | ||
| 520 | _aΟρισμός, Ιστορική Ανάδρομη της Χρηματοδοτικής Μίσθωσης, Η Εξέλιξη της Αγοράς Leasing στην Ελλάδα, Το Ελληνικό Νομοθετικό Πλαίσιο του Leasing, Κατηγορίες Χρηματοδοτικής Μίσθωσης, Τρόποι Εφαρμογής του Leasing και Ανάγκες που Καλύπτει, Πλεονεκτήματα και Μειονεκτήματα από την Χρήση του Leasing, Σύγκριση Leasing με Παρεμφερείς Νομικούς Θεσμούς, Χρηματοοικονομική Προσέγγιση των Μισθώσεων, Σύγκριση Κόστους Leasing με Κόστος Χρηματοδότησης και Αγοράς με Ίδια Διαθέσιμα, Χρηματοοικονομική Εικόνα, Παράγοντες οι Οποίοι Αποτελούν τα Κριτήρια Επιλογής του Καλύτερου Τρόπου Πιστοδότησης μιας Νέας Επένδυσης, Γενικά Συμπεράσματα, Πρόταση για Βελτίωση του Leasing. | ||
| 700 | 1 |
_aΖαλώνη Μαρκέλλα _99280 |
|
| 942 | _cDS | ||
| 999 |
_c8683 _d8683 |
||